000 00648nam a2200241Ia 4500
003 OSt
005 20221007103556.0
006 a|||||r|||| 00| 0
007 ta
008 221006b |||||||| |||| 00| 0 eng d
024 _a13,514
037 _cTextual
040 _aLCO
_cLCO
_beng
041 _2eng
_aeng
082 _aZ6,916, K3
100 _aBaade Hans W.
_9406663
245 0 _aAfrican Law
_b New Law for New Nations
260 _aNew
_bYork Oceana Publications Inc. U.S.A.
_c1963
300 _a119
650 _aAfrican Law
_9705260
942 _hZ6,916, K3
_cTEXL
999 _c1183077
_d1183077